Ferrocarriles salitreros de Tarapacá

Αποθηκεύτηκε σε:
Λεπτομέρειες βιβλιογραφικής εγγραφής
Κύριος συγγραφέας: Gallardo Nieto, Galvarino (Συγγραφέας)
Μορφή: Βιβλίο
Γλώσσα:Ισπανικά
Έκδοση: Santiago, Chile Universitaria 1911
Θέματα:
Ετικέτες: Προσθήκη ετικέτας
Δεν υπάρχουν, Καταχωρήστε ετικέτα πρώτοι!

MARC

LEADER 00000nam a2200000 a 4500
001 UCO2577
003 CL-VaPUC
005 20210604001711.0
008 000608e19110000CL |||||||||||||||||spa|d
999 |c 289082  |d 289080 
040 |c Pontificia Universidad Católica de Valparaíso 
082 0 4 |a 358.0983 GAL 1911  |2 21 
100 |a Gallardo Nieto, Galvarino  |e author  |9 504811 
245 1 0 |a Ferrocarriles salitreros de Tarapacá 
260 |a Santiago, Chile  |b Universitaria  |c 1911 
300 |a 112 páginas 
583 |a last modification  |c 20000608 00:00:00  |k Rodrigo Vera 
650 0 |a Ferrocarriles  |z TARAPACA  |z CHILE  |9 260933 
650 0 |a Historia  |z TARAPACA  |9 255047 
650 0 |a Transporte Ferroviario  |z TARAPACA  |z CHILE  |9 353259 
852 |a BIBCUR 
942 |c BK  |2 ddc 
945 |d 20000608 00:00:00  |a crobeson 
952 |0 0  |1 0  |2 ddc  |4 0  |6 358_098300000000000_GAL_1911  |7 0  |8 X  |9 337230  |a BIBHIS  |b BIBHIS  |d 2019-11-20  |i 1292919  |o 358.0983 GAL 1911  |p 1292919  |r 2024-01-30  |t 1  |w 2019-11-20  |y BK_X  |k HIS